00514nam a2200205 a 4500001001300000003000900013005001700022008004100039020001000080082001600090100001600106245004100122260004500163300000800208500003500216505001000251650002300261650000800284700001600292nice12345678IN_TiNIC20260116014455.0070416s1995 newa grp 000 0 eng  ac20000a345.05bMAT aMathew, P D aCriminal Procedure Codeb Simplified aNew DelhibIndian Social Institutec1995 a488 aincludes index and biblioraphy2 aIndex aCriminal Procedure aLaw1 aMathew, P D